| 000 | 00555nam a2200229Ia 4500 | ||
|---|---|---|---|
| 003 | OSt | ||
| 005 | 20220924132840.0 | ||
| 006 | a|||||r|||| 00| 0 | ||
| 007 | ta | ||
| 008 | 220923b |||||||| |||| 00| 0 tam d | ||
| 024 | _a251850 | ||
| 037 | _cTextual | ||
| 040 |
_aARTS _cARTS _btam |
||
| 041 |
_2tam _atam |
||
| 082 | _aO31:g, P2 | ||
| 100 |
_aKasirajan R Ed. _9205160 |
||
| 245 | 0 | _aTamizhiyal | |
| 260 | _c2002 | ||
| 650 | _aTAMIL LITERATURE | ||
| 942 |
_hO31:g, P2 _cTEXL _2CC |
||
| 999 |
_c431791 _d431791 |
||